| 000 | 02874nam a2200529 c 4500 | ||
|---|---|---|---|
| 001 | a5777316 | ||
| 003 | SpMaBN | ||
| 005 | 20180622170417.0 | ||
| 008 | 160331s2015 sp | |||| 001 0 spa | ||
| 017 |
_aM 33873-2015 _bOficina Depósito Legal Madrid |
||
| 020 | _a9788422018483 | ||
| 040 |
_aSpMaBN _bspa _cCO-MdFUSB _erdc _dCO-MdFUSBC |
||
| 041 | 1 |
_aspa _hfre |
|
| 080 | _a272-454"00/04" | ||
| 082 |
_224 _aG 273.1 _bC952i |
||
| 100 | 1 |
_aCrouzel, Henri _d1919-2003 _eautor |
|
| 240 | 1 | 2 | _aL'Église primitive face au divorce |
| 245 | 1 | 3 |
_aLa iglesia primitiva frente al divorcio : _bdel siglo I al siglo V _cHenri Crouzel ; traducida del francés por María Adela Codoñer Nácher y Ricardo Lázaro Barceló |
| 264 | 1 |
_aMadrid : _bBiblioteca de Autores Cristianos, _c℗[2015] |
|
| 264 | 4 | _c©2015 | |
| 300 |
_aXXXVIII, 543 p. _c; 20 cm |
||
| 336 |
_a1 _2rdacontent _ba1 |
||
| 337 |
_a2 _2rdamedia _b5 |
||
| 338 |
_2rdacarrier _a2 _b5 |
||
| 490 | 0 | _aSerie Normal | |
| 504 | _aBibliografía: p. [XXVII]-XXXVIII | ||
| 504 | _aÍndice | ||
| 505 |
_gLos _tdatos de las Escrituras y el entorno cultural |
||
| 505 | _tPrimera parte :Los Prenicenos | ||
| 505 | _aAutores del siglo II: Ignacio de Antioquía (escribe entre el 107-115) -- Hermas (entre el 100 y el 150) -- Justino († hacia el 165) -- Atenágoras (siglo II) -- Teófilo de Antioquía (siglo II) -- Taciano (siglo II) -- Ireneo (nacido entre el 140 y el 160) -- Ptolomeo el Valentiniano (siglo ii) -- Las homilías pseudo-clementinas (principios del siglo III) | ||
| 505 | _aAlejandrinos: Clemente de Alejandría (hacia el 150 - hacia el 215) -- Orígenes (hacia el 185 - hacia el 254) | ||
| 505 | _aAfricanos y romanos: Tertuliano (hacia el 155 - después del 220) -- Cipriano (entre el 200 y el 210-258) -- Novaciano (cisma en el 251) -- Minucio Félix (fecha incierta: II-III) -- Lactancio (muerto después del 317) | ||
| 505 | _aLiteratura canónica hasta Nicea | ||
| 505 | _tOrientales de los siglos iv y v | ||
| 505 | _aEscritores de Asia Menor -- Escritores de Asia Menor -- Escritores de Egipto, Palestina y otros lugares. Textos canónicos | ||
| 505 | _tOccidentales de los siglos iv y v | ||
| 505 | _aEscritores latinos muertos en el siglo IV -- Escritores latinos que han vivido en el siglo V. Excepto Agustín y textos canónicos -- Agustín (354-430) | ||
| 505 | _tApéndice: La continencia impuesta a los penitentes | ||
| 534 |
_cL'Église primitive face au divorce. Du premier au cinqueme siecle _pTítulo de la edición original en francés: |
||
| 563 | _apasta dura | ||
| 650 | 0 |
_aDivorcio _xAspectos religiosos _xIglesia Católica _xHistoria de las doctrinas _2embne _9786 |
|
| 700 | 1 |
_9768 _aCodoñer Nácher, Adela _etraductor |
|
| 700 | 1 |
_9769 _aLázaro, Ricardo, _d1958- _etraductor |
|
| 942 | _cBK | ||
| 999 |
_c63833 _d63833 |
||